<?xml version="1.0" encoding="UTF-8"?>
<record
    xmlns:xsi="http://www.w3.org/2001/XMLSchema-instance"
    xsi:schemaLocation="http://www.loc.gov/MARC21/slim http://www.loc.gov/standards/marcxml/schema/MARC21slim.xsd"
    xmlns="http://www.loc.gov/MARC21/slim">

  <leader>02002nam a2200481 a 4500</leader>
  <controlfield tag="008">110629s2009    sp il. f |||| 001 0 spa d</controlfield>
  <datafield tag="020" ind1=" " ind2=" ">
    <subfield code="a">9788480863834</subfield>
  </datafield>
  <datafield tag="041" ind1=" " ind2=" ">
    <subfield code="a">spa</subfield>
  </datafield>
  <datafield tag="092" ind1=" " ind2=" ">
    <subfield code="c">575.1</subfield>
    <subfield code="l">85</subfield>
    <subfield code="s">TUR</subfield>
  </datafield>
  <datafield tag="100" ind1="1" ind2=" ">
    <subfield code="a">Turnpenny, Peter</subfield>
    <subfield code="9">36</subfield>
  </datafield>
  <datafield tag="245" ind1=" " ind2=" ">
    <subfield code="a">Emery. </subfield>
    <subfield code="b">Elementos de Gen&#xE9;tica M&#xE9;dica /</subfield>
    <subfield code="c">Peter Turnpenny</subfield>
  </datafield>
  <datafield tag="250" ind1=" " ind2=" ">
    <subfield code="a">13a ed. en espa&#xF1;ol de la obra original en ingl&#xE9;s</subfield>
    <subfield code="b">Traducci&#xF3;n Pedro Donado Pintado ; Isabel Campos Adrados y Jos&#xE9; Luis Gonz&#xE1;lez Hern&#xE1;ndez</subfield>
  </datafield>
  <datafield tag="260" ind1=" " ind2=" ">
    <subfield code="a">Barcelona:</subfield>
    <subfield code="b">Elsevier ; Churchill Livingstone;</subfield>
    <subfield code="c">2009.</subfield>
  </datafield>
  <datafield tag="300" ind1=" " ind2=" ">
    <subfield code="a">430 p.</subfield>
    <subfield code="b">il.</subfield>
  </datafield>
  <datafield tag="500" ind1=" " ind2=" ">
    <subfield code="a">Turnpenny, P. y Ellard, S. (2009). Emery. Elementos de gen&#xE9;tica m&#xE9;dica. (13a ed.). Barcelona : Elsevier ; Churchill Livingstone.  </subfield>
  </datafield>
  <datafield tag="590" ind1=" " ind2=" ">
    <subfield code="a">Compra FACIMED, Junio 2011</subfield>
  </datafield>
  <datafield tag="653" ind1=" " ind2=" ">
    <subfield code="a">Historia e impacto de la gen&#xE9;tica en la medicina</subfield>
  </datafield>
  <datafield tag="653" ind1=" " ind2=" ">
    <subfield code="a">Bases celular y molecular de la herencia</subfield>
  </datafield>
  <datafield tag="653" ind1=" " ind2=" ">
    <subfield code="a">Cromosomas y divisi&#xF3;n celular</subfield>
  </datafield>
  <datafield tag="653" ind1=" " ind2=" ">
    <subfield code="a">Tecnolog&#xED;a y aplicaciones del DNA</subfield>
  </datafield>
  <datafield tag="653" ind1=" " ind2=" ">
    <subfield code="a">Mapeo e identificaci&#xF3;n de genes en trastornos monog&#xE9;nicos</subfield>
  </datafield>
  <datafield tag="653" ind1=" " ind2=" ">
    <subfield code="a">Gen&#xE9;tica del desarrollo</subfield>
  </datafield>
  <datafield tag="653" ind1=" " ind2=" ">
    <subfield code="a">Patrones de herencia</subfield>
  </datafield>
  <datafield tag="653" ind1=" " ind2=" ">
    <subfield code="a">Matem&#xE1;ticas y gen&#xE9;tica de poblaciones</subfield>
  </datafield>
  <datafield tag="653" ind1=" " ind2=" ">
    <subfield code="a">Herencia polig&#xE9;nica y multifactorial</subfield>
  </datafield>
  <datafield tag="653" ind1=" " ind2=" ">
    <subfield code="a">Hemoglobina y hemoglobinopat&#xED;as</subfield>
  </datafield>
  <datafield tag="653" ind1=" " ind2=" ">
    <subfield code="a">Gen&#xE9;tica bioqu&#xED;mica</subfield>
  </datafield>
  <datafield tag="653" ind1=" " ind2=" ">
    <subfield code="a">Farmacogen&#xE9;tica</subfield>
  </datafield>
  <datafield tag="653" ind1=" " ind2=" ">
    <subfield code="a">Inmunogen&#xE9;tica</subfield>
  </datafield>
  <datafield tag="653" ind1=" " ind2=" ">
    <subfield code="a">Gen&#xE9;tica del c&#xE1;ncer</subfield>
  </datafield>
  <datafield tag="653" ind1=" " ind2=" ">
    <subfield code="a">Factores gen&#xE9;ticos en las enfermedades comunes</subfield>
  </datafield>
  <datafield tag="653" ind1=" " ind2=" ">
    <subfield code="a">Anomal&#xED;as cong&#xE9;nitas y s&#xED;ndromes dism&#xF3;rficos</subfield>
  </datafield>
  <datafield tag="653" ind1=" " ind2=" ">
    <subfield code="a">Consejo gen&#xE9;tico</subfield>
  </datafield>
  <datafield tag="653" ind1=" " ind2=" ">
    <subfield code="a">Trastornos cromos&#xF3;micos</subfield>
  </datafield>
  <datafield tag="653" ind1=" " ind2=" ">
    <subfield code="a">Trastornos monog&#xE9;nicos</subfield>
  </datafield>
  <datafield tag="653" ind1=" " ind2=" ">
    <subfield code="a">Cribado de las enfermedades gen&#xE9;ticas</subfield>
  </datafield>
  <datafield tag="653" ind1=" " ind2=" ">
    <subfield code="a">Pruebas prenatales y gen&#xE9;tica de la reproducci&#xF3;n</subfield>
  </datafield>
  <datafield tag="653" ind1=" " ind2=" ">
    <subfield code="a">C&#xE1;lculo de riesgo</subfield>
  </datafield>
  <datafield tag="653" ind1=" " ind2=" ">
    <subfield code="a">Tratamiento de las enfermedades gen&#xE9;ticas</subfield>
  </datafield>
  <datafield tag="653" ind1=" " ind2=" ">
    <subfield code="a">Problemas &#xE9;ticos y legales en gen&#xE9;tica m&#xE9;dica</subfield>
  </datafield>
  <datafield tag="700" ind1="1" ind2=" ">
    <subfield code="a">Ellard, Sian</subfield>
    <subfield code="9">37</subfield>
  </datafield>
  <datafield tag="942" ind1=" " ind2=" ">
    <subfield code="2">ddc</subfield>
    <subfield code="c">BK</subfield>
  </datafield>
  <datafield tag="999" ind1=" " ind2=" ">
    <subfield code="c">840</subfield>
    <subfield code="d">840</subfield>
  </datafield>
  <datafield tag="952" ind1=" " ind2=" ">
    <subfield code="0">0</subfield>
    <subfield code="1">0</subfield>
    <subfield code="2">ddc</subfield>
    <subfield code="4">0</subfield>
    <subfield code="7">0</subfield>
    <subfield code="a">BFM</subfield>
    <subfield code="b">BFM</subfield>
    <subfield code="c">CR</subfield>
    <subfield code="d">2011-06-29</subfield>
    <subfield code="l">115</subfield>
    <subfield code="m">6</subfield>
    <subfield code="o">575.1 85 TUR</subfield>
    <subfield code="p">2373</subfield>
    <subfield code="r">2023-10-19</subfield>
    <subfield code="s">2023-10-12</subfield>
    <subfield code="t">ej.1</subfield>
    <subfield code="w">2011-06-29</subfield>
    <subfield code="y">BK</subfield>
  </datafield>
  <datafield tag="952" ind1=" " ind2=" ">
    <subfield code="0">0</subfield>
    <subfield code="1">0</subfield>
    <subfield code="2">ddc</subfield>
    <subfield code="4">0</subfield>
    <subfield code="7">0</subfield>
    <subfield code="a">BFM</subfield>
    <subfield code="b">BFM</subfield>
    <subfield code="c">CR</subfield>
    <subfield code="d">2011-06-29</subfield>
    <subfield code="l">144</subfield>
    <subfield code="m">8</subfield>
    <subfield code="o">575.1 85 TUR</subfield>
    <subfield code="p">2374</subfield>
    <subfield code="r">2023-03-10</subfield>
    <subfield code="s">2022-12-21</subfield>
    <subfield code="t">ej.2</subfield>
    <subfield code="w">2011-06-29</subfield>
    <subfield code="y">BK</subfield>
  </datafield>
  <datafield tag="952" ind1=" " ind2=" ">
    <subfield code="0">0</subfield>
    <subfield code="1">0</subfield>
    <subfield code="2">ddc</subfield>
    <subfield code="4">0</subfield>
    <subfield code="7">0</subfield>
    <subfield code="8">NFIC</subfield>
    <subfield code="a">BFM</subfield>
    <subfield code="b">BFM</subfield>
    <subfield code="c">CR</subfield>
    <subfield code="d">2012-11-19</subfield>
    <subfield code="e">Proyecto PROMED</subfield>
    <subfield code="g">382.00</subfield>
    <subfield code="l">107</subfield>
    <subfield code="m">7</subfield>
    <subfield code="o">575.1 85 TUR</subfield>
    <subfield code="p">2687</subfield>
    <subfield code="r">2025-10-13</subfield>
    <subfield code="s">2025-10-06</subfield>
    <subfield code="t">Ej. 3</subfield>
    <subfield code="w">2012-11-19</subfield>
    <subfield code="y">BK</subfield>
    <subfield code="z">Compra PROMED nov/2012</subfield>
  </datafield>
</record>
